Let Us C (Record no. 183155)

MARC details
000 -LEADER
fixed length control field 00439nam a2200193Ia 4500
008 - FIXED-LENGTH DATA ELEMENTS--GENERAL INFORMATION
fixed length control field 240823s9999||||xx |||||||||||||| ||und||
020 ## - INTERNATIONAL STANDARD BOOK NUMBER
International Standard Book Number 81-8333-163-7
082 ## - DEWEY DECIMAL CLASSIFICATION NUMBER
-- 005.133 P9
100 ## - MAIN ENTRY--PERSONAL NAME
Personal name Yashavant P Kanetkar
245 #0 - TITLE STATEMENT
Title Let Us C
250 ## - EDITION STATEMENT
Edition statement 9th
260 ## - PUBLICATION, DISTRIBUTION, ETC. (IMPRINT)
Date of publication, distribution, etc 2009
Name of publisher, distributor, etc BPB New
Place of publication, distribution, etc New Delhi
500 ## - GENERAL NOTE
General note YES
650 ## - SUBJECT ADDED ENTRY--TOPICAL TERM
Topical term or geographic name as entry element C
942 ## - ADDED ENTRY ELEMENTS (KOHA)
Item type Books
Holdings
Withdrawn status Lost status Damaged status Permanent location Current location Date acquired Source of acquisition Cost, normal purchase price Full call number Barcode Date last seen Koha item type
      CENTRAL LIBRARY, NOORUL ISLAM CENTRE FOR HIGHER EDUCATION CENTRAL LIBRARY, NOORUL ISLAM CENTRE FOR HIGHER EDUCATION 02/26/2010 Global Book Syndicate 240.00 005.133 P9 36105 08/23/2024 Books
Visitors:
Copyright © 2024 Central Library NICHE.  All rights reserved.